[Event "XIII Figueira da Foz Open 2019"]
[Site "Figueira da Foz"]
[Date "2019.10.29"]
[Round "2.3"]
[White "Gavasheli, Ana"]
[Black "Spraggett, Kevin"]
[Result "1/2-1/2"]
[WhiteElo "2240"]
[BlackElo "2513"]
[Annotator "TA"]
[PlyCount "224"]
[EventDate "2019.10.27"]
[EventType "swiss"]
[EventCountry "POR"]
[SourceTitle "playchess.com"]
[Source "ChessBase"]
[SourceQuality "1"]

{[%evp 11,223,18,36,-3,-2,-21,-18,-21,-9,-3,-9,-44,-44,-35,-42,-47,-32,-35,-23,-34,0,-7,-7,-7,-7,-9,0,-5,0,-45,-23,-22,-29,-31,-17,-25,-14,-42,-10,-8,13,6,17,19,39,44,48,48,48,17,16,10,10,10,14,7,15,0,0,0,0,0,0,0,0,0,0,0,0,0,0,0,0,0,0,0,0,0,0,0,0,0,0,0,0,0,0,0,0,0,0,0,0,0,0,0,0,0,0,0,0,0,0,0,0,0,0,0,0,0,0,0,0,0,0,0,0,0,0,0,0,0,0,0,0,0,0,0,0,0,0,0,0,0,0,-3,-3,-12,-14,-145,-145,-145,-145,-146,-145,-145,-145,-145,-145,-145,-145,-346,-343,-333,-312,-319,-311,-293,-251,-345,-70,-652,-670,-633,-667,-562,-429,-364,-303,-1446,-1960,-1377,0,0,0,0,0,0,0,0,0,0,0,0,0,0,0,0,0,0,0,0,0,0,0,0,0,0,0,0,0,0,0,0,0,0,0,0,0,0,0,0,0,0]} 1. Nf3 Nf6 2. g3 d6 3. Bg2 e5 4. d3 c6 5. e4 Be7 6. O-O O-O 7. Nc3 {B10: Caro-Kann: 2 d3 and 2 c4} b5 8. a3 a5 $146 ({Predecessor:} 8... Re8 9. d4 Nbd7 10. Bg5 Qc7 11. h3 h6 12. Be3 {0-1 (40) Adnani,M (2256)-Hamdouchi,H (2570) Morocco 2002}) 9. d4 Qc7 10. Re1 Nbd7 {[%cal Bb8d7,Bd7b6,Bb6a4][%mdl 32]} 11. d5 cxd5 12. Nxd5 Nxd5 13. Qxd5 Ba6 14. Bg5 Nb6 15. Qd1 Na4 16. Bxe7 Qxe7 17. Rb1 Nc5 18. Nd2 b4 19. axb4 axb4 20. Re3 Rab8 21. Ra1 Rfd8 22. Bf1 Bb7 23. Qe1 Bc6 24. Bc4 Kh8 25. Nb3 Na4 26. Na5 Be8 $1 27. Bd5 Nxb2 28. Rb3 Na4 29. Rxb4 Nc5 $1 30. Nc6 Bxc6 $1 31. Bxc6 Rbc8 32. Bd5 g6 33. Qe3 Kg7 34. Rab1 Rc7 35. Rf1 Nd7 36. c4 Nf6 37. Rfb1 h5 38. h4 Rdc8 39. Qf3 Nxd5 40. cxd5 Rc3 41. Qd1 Qa7 42. R4b3 $1 R8c4 {Strongly threatening ...Rxb3.} 43. Rxc3 Rxc3 $11 {[%mdl 4096] Endgame KQR-KQR} 44. Kg2 Qc5 45. Qe2 Qa7 46. Qd2 Qa4 47. Re1 Rc2 48. Qe3 Qb4 49. Re2 Rc3 50. Qd2 Qc4 51. Re1 Rd3 52. Qb2 Rd4 53. Qe2 Qc3 54. Rd1 Qb3 55. Re1 Qb4 56. Qe3 Rc4 57. Qe2 Rc3 58. Rd1 Qa4 59. Re1 Rc2 60. Qf3 Qa2 (60... Qc4 {keeps more tension.} 61. Qe3 Kh8 62. Qg5 Kg7 63. Qe3) 61. Qe3 Qb2 62. Qf3 Rd2 63. Rd1 Re2 64. Kf1 Rc2 65. Kg2 Qb4 (65... Rc3 $5 66. Rd3 $8 Rc2 $11) 66. Qe3 Rc4 67. Re1 Rd4 (67... Rc3 $5 68. Qe2 $8 Qc4 $11) 68. Kg1 Qb5 69. Kg2 Rd3 70. Qe2 Qc4 71. Kg1 Qd4 72. Kg2 Rd2 73. Qe3 Qxe3 74. Rxe3 {KR-KR} f5 75. Kf1 (75. exf5 $11 {remains equal.} gxf5 76. Rb3) 75... fxe4 $17 76. Rxe4 Rxd5 77. Ke2 Kf6 78. Ra4 Rb5 79. Ra6 Ke6 80. Ra8 d5 81. Rg8 $2 {[#]} (81. Ra6+ $17 Kf5 82. f3) 81... Kf7 82. Rd8 Ke7 83. Rg8 Rb6 84. Ke3 Rd6 85. f3 Re6 $2 (85... Ra6 $19 86. Kd3 Rf6) 86. g4 $2 {[%mdl 8192]} (86. Rg7+ $15 Kd6 87. Ra7) 86... hxg4 87. fxg4 Ra6 88. Rg7+ Kf6 89. Rd7 Ra3+ 90. Ke2 $2 (90. Kf2 d4 91. Rd6+ Kf7 92. Kg2) 90... d4 $19 91. Rd6+ Kf7 $2 (91... Ke7 $19 92. Rxg6 e4) 92. h5 $11 {The position is equal.} gxh5 93. gxh5 Rh3 94. h6 Ke7 95. Ra6 e4 {[#] Hoping for ...d3+.} 96. Ra4 Rh2+ 97. Ke1 Ke6 (97... Rh1+ {is more complex.} 98. Ke2 d3+ 99. Ke3 Rh3+ 100. Kd2 Rh2+) 98. Rxd4 Ke5 99. Ra4 (99. Rd7 {feels hotter.}) 99... Rxh6 100. Ke2 Kf4 101. Ra3 Rb6 102. Kf2 Rb2+ 103. Ke1 Rh2 104. Rc3 Rg2 105. Ra3 Rg3 106. Rxg3 Kxg3 {KP-K} 107. Ke2 Kf4 108. Kf2 e3+ 109. Ke2 Ke4 110. Ke1 Kd3 111. Kd1 e2+ 112. Ke1 Ke3 {Accuracy: White = 57%, Black = 70%.} 1/2-1/2

[Event "XIII Figueira da Foz Open 2019"]
[Site "Figueira da Foz"]
[Date "2019.10.28"]
[Round "2.4"]
[White "Jakubowski, Krzysztof"]
[Black "Medarde Santiago, Luis Marcos"]
[Result "1/2-1/2"]
[WhiteElo "2494"]
[BlackElo "2285"]
[Annotator "TA"]
[PlyCount "124"]
[EventDate "2019.10.27"]
[EventType "swiss"]
[EventCountry "POR"]
[SourceTitle "playchess.com"]
[Source "ChessBase"]
[SourceQuality "1"]

{[%evp 9,124,0,0,-8,0,0,0,-3,-7,-12,-19,-44,-40,-38,-22,-37,29,34,30,0,0,0,0,-6,30,25,7,0,35,6,70,66,135,140,130,125,156,145,151,117,222,157,157,155,254,195,275,260,765,762,676,679,674,667,635,75,207,193,204,205,214,193,188,30,37,26,477,471,472,477,475,474,477,477,463,461,471,455,445,402,402,384,567,548,549,414,404,197,197,197,197,197,197,197,400,400,391,377,384,377,370,370,355,301,293,265,174,174,174,174,174,0,174,174,174,0,174]} 1. d4 Nf6 2. c4 e6 3. Nc3 Bb4 4. e3 O-O 5. Nge2 c6 (5... d5 6. a3 Bd6 7. c5 Be7 8. Ng3 c6 9. Bd2 b6 10. b4 Nbd7 11. Be2 a5 12. O-O Ba6 13. Qc2 Qc7 14. h3 Ra7 15. Rab1 axb4 16. axb4 {½-½ (57) Yu,Y (2736)-Grischuk,A (2766) Riga 2019}) 6. a3 {E46: Nimzo-Indian: Rubinstein: 4 e3 0-0 5 Ne2 without early Bd3} Ba5 7. b4 Bc7 8. Ng3 d5 9. Bb2 Nbd7 10. f4 dxc4 11. Bxc4 a5 12. b5 $146 ({Predecessor:} 12. bxa5 Nd5 13. Qd3 {0-1 (41) Hammes,M (2349)-Petkov,V (2489) Leiria 2017}) 12... c5 (12... Nd5 $15 13. Qe2 N7b6) 13. dxc5 $11 Nxc5 14. O-O (14. Qe2 {with more complications.} Qe7 15. O-O Rd8 16. Rad1 Rxd1 17. Rxd1 Rb8 18. Qc2) 14... Qxd1 15. Rfxd1 a4 16. Nce2 b6 17. Bxf6 gxf6 18. Nh5 Bd8 19. Nd4 (19. f5 $5) 19... Bb7 (19... f5 $11) 20. f5 $1 $14 {[%cal Rf5e6]} e5 ({Black should try} 20... Kh8 $14) 21. Nc6 $16 Bxc6 22. bxc6 Be7 23. Rab1 $1 Rab8 24. Rb4 Ne4 (24... Rfc8 $16) 25. Bxf7+ Kxf7 26. Rxe4 b5 (26... Rfd8 $16 {keeps fighting.} 27. Rc1 Rbc8) 27. Rd7 $1 $18 Rbd8 (27... Ra8 $142 28. Nf4 Rfd8) 28. Rb7 {aiming for Rg4.} Rb8 $2 (28... Rc8 29. Nf4 (29. Rxb5 Rxc6 30. Rxa4 Rc2 $18) 29... Rfd8) 29. Rg4 $1 {[%cal Rg4g7] Threatening mate with Rg7+.} Rxb7 30. Rg7+ (30. cxb7 Rb8 $16) 30... Ke8 31. cxb7 {[%mdl 4096] Endgame KRB-KRN} Bd6 32. b8=Q+ $2 (32. Rxh7 {Strongly threatening Ng7+.} b4 33. Ng7+ Ke7 34. Ne6+ Rf7 35. Rh4) 32... Bxb8 {[#]} 33. Rb7 $1 {[%cal Rb7b8]} ({Less strong is} 33. Rxh7 Bd6 $14) 33... Bd6 34. Ng7+ Kd8 35. Ne6+ {[%mdl 64] Discovered Attack} ({Don't take} 35. Rxb5 $6 Rg8 $16) 35... Kc8 36. Rb6 $2 ({Inferior is} 36. Rxh7 Rg8 $11) (36. Rxb5 $18 Rg8 37. h3) 36... Bxa3 $11 37. Nxf8 Bxf8 $2 {[%mdl 8192]} (37... b4 $1 $11) 38. Rxb5 {KR-KB} a3 39. Kf2 Kc7 40. Ke2 Kc6 41. Ra5 Bb4 {[#]} 42. Ra8 $1 e4 43. Kd1 Bc5 44. Kc2 Kd5 45. Ra5 Kc4 (45... Kd6 {might work better.} 46. g4 Bxe3 47. Rxa3 Bg1) 46. Ra4+ $18 Kd5 47. g4 Bxe3 48. Rxa3 (48. h4 $142) 48... Bg5 49. Kd1 Ke5 50. Ke2 Kf4 51. h3 h5 $2 (51... h6 52. Rb3 Bh4) 52. gxh5 Kxf5 53. Ra8 Ke6 {[#]} 54. h4 $1 Bf4 (54... Bxh4 55. h6) 55. Ra7 Kf5 {intending ...Kg4.} 56. Rg7 Bc1 57. Rg6 Bf4 58. Rg8 Bh6 59. Rg1 Bf8 60. Rg8 Bh6 61. Rh8 Bf4 62. Rg8 Bh6 $1 {Accuracy: White = 62%, Black = 48%.} 1/2-1/2

[Event "XIII Figueira da Foz Open 2019"]
[Site "Figueira da Foz"]
[Date "2019.10.28"]
[Round "2.5"]
[White "Lisowski, Krzysztof"]
[Black "Stella, Andrea"]
[Result "1/2-1/2"]
[WhiteElo "2179"]
[BlackElo "2484"]
[Annotator "TA"]
[PlyCount "136"]
[EventDate "2019.10.27"]
[EventType "swiss"]
[EventCountry "POR"]
[SourceTitle "playchess.com"]
[Source "ChessBase"]
[SourceQuality "1"]

{[%evp 9,136,-12,-14,-11,-7,-10,0,0,0,-12,-5,-22,0,-10,-4,-22,-17,-15,-13,-16,-16,-24,-13,-40,-38,-42,-29,-35,-35,-35,-32,-35,-36,-41,-28,-31,-12,-14,-6,0,22,-49,-45,-52,-23,-32,-39,-45,-38,-40,-43,-89,-94,-87,-109,-199,-39,-210,-192,-177,-177,-253,-249,-282,0,-112,0,-273,-281,-251,-245,-191,-233,-225,-205,-195,-191,-252,-260,-262,-266,-234,-242,-252,-262,-256,-253,-330,-325,-322,-212,-214,-5,-5,-5,-37,-45,-45,-46,-82,-66,-65,-21,-21,-31,-47,-8,-8,0,0,0,0,0,0,0,0,0,0,0,0,0,0,0,0,0,0,0,0,0]} 1. e4 e6 2. Qe2 c5 3. Nf3 Nc6 4. g3 g6 5. Bg2 Bg7 6. c3 {C00: French: Unusual White 2nd moves} (6. O-O Nge7 7. Rd1 Nd4 8. Nxd4 cxd4 9. c3 Nc6 10. Na3 O-O 11. Nc2 d5 12. exd5 exd5 13. Qf3 Ne5 14. Qxd5 Qxd5 15. Bxd5 {1-0 (64) Kovalenko,I (2639)-Duda,J (2717) Katowice 2017}) 6... Nge7 7. Na3 O-O 8. O-O e5 9. d3 d6 10. Nc2 h6 11. Rd1 d5 12. exd5 Nxd5 13. Ne3 Be6 14. Nxd5 Bxd5 15. Be3 Qd6 $146 ({Predecessor:} 15... Qe7 16. Qd2 {0-1 (32) Chahrani,I (2312)-Shetty,R (2356) Dubai 2002}) 16. Nd2 Bxg2 17. Kxg2 f5 18. Nc4 Qd5+ 19. f3 Rad8 20. a4 g5 21. Bf2 g4 22. Ne3 $1 {[%cal Re3d5]} gxf3+ 23. Qxf3 Qe6 24. g4 e4 25. Qf4 (25. dxe4 $1 $11 fxe4 26. Qe2) 25... fxg4 $15 26. Qxe4 Qf7 27. Qc4 h5 $36 {[%mdl 2048] White is under pressure.} 28. Qxf7+ Rxf7 29. Nc4 b6 30. Be3 Rf3 31. Rd2 Ne5 32. Rad1 (32. Nxe5 $17 {was called for.} Rxe3 33. Nc4 Rexd3 34. Rxd3 Rxd3 35. Rf1) 32... Rh3 $2 (32... Nxc4 $1 $19 33. dxc4 Rxd2+ 34. Bxd2 Rd3) 33. Bg5 $2 ({White must play} 33. Nxe5 $1 $15 Bxe5 34. Bg1) 33... Rf8 34. Nxe5 Bxe5 35. Kg1 (35. Kh1 $142) 35... Rf5 $19 36. Bd8 {[#]} Rf8 $2 (36... Bf4 $1 $19 {and Black stays clearly on top.} 37. Re2 Re5 38. Rxe5 Bxh2+ 39. Kg2 Bxe5) 37. Bg5 $17 Rf5 $2 (37... Bd6 $17 38. d4 Rf5) 38. Bd8 $1 $19 {[#]} Bf4 $1 39. Re2 Rd5 40. Re8+ Kf7 41. Re7+ Kf8 42. Rf1 Rf5 {Strongly threatening ...Be3+.} (42... Rxd8 43. Re4 $17) 43. Rxa7 (43. Rfe1 $142) 43... Be3+ ({Don't play} 43... Rxd3 44. Be7+ Kg8 45. Ra8+ Kh7 46. Rd8 $17) ({Worse is} 43... Bxh2+ 44. Kg2 $11) 44. Kg2 Rxf1 {[%mdl 64] Overworked Piece} 45. Kxf1 Rxh2 {[%mdl 4096] Endgame ( -> ...g3). KRB-KRB} 46. Bc7 Rf2+ ({But not} 46... Rxb2 47. Bg3 $17) 47. Ke1 Rxb2 48. Bd6+ Kg8 49. Be5 Bh6 50. Rb7 g3 $2 ({Black should play} 50... h4 $19 {...g3 is the strong threat.} 51. c4 Rb4) 51. Bxg3 $11 Bd2+ 52. Kf1 {Black must now prevent a5!} Bxc3 53. Bc7 Ba5 54. Be5 Ra2 55. Bc7 Rxa4 {Hoping for ...h4.} 56. Bxb6 Rb4 57. Rb8+ Kh7 58. Ba7 {The position is equal.} Rf4+ 59. Ke2 Bb4 60. Rb5 h4 61. Bxc5 Bxc5 62. Rxc5 {KR-KR} Kg6 63. Rc8 Kf7 64. Rh8 Kg7 65. Rh5 $1 Kg6 66. Rh8 $1 Kg7 67. Rh5 Kg6 68. Rh8 Kg7 {Accuracy: White = 63%, Black = 63%.} 1/2-1/2

[Event "XIII Figueira da Foz Open 2019"]
[Site "Figueira da Foz"]
[Date "2019.10.28"]
[Round "2.6"]
[White "Galego, Luis"]
[Black "Rey Malde, Henrique"]
[Result "1-0"]
[WhiteElo "2483"]
[BlackElo "2209"]
[Annotator "TA"]
[PlyCount "48"]
[EventDate "2019.10.27"]
[EventType "swiss"]
[EventCountry "POR"]
[SourceTitle "playchess.com"]
[Source "ChessBase"]
[SourceQuality "1"]

{[%evp 11,48,0,-4,-12,-12,-20,-21,-20,-13,-48,-8,-15,0,-29,-14,-12,-20,-49,-50,-57,-51,-71,-38,-54,-55,-42,-50,-62,-26,-56,-17,-42,0,-24,-25,-30,0,0,3]} 1. e4 c5 2. Nf3 d6 3. c3 Nf6 4. Be2 g6 5. O-O Bg7 6. d3 O-O 7. Na3 {B50: Sicilian: 2...d6, Miscellaneous} Nc6 8. Nc2 e5 9. Re1 h6 10. Bf1 Re8 $146 ({Predecessor:} 10... d5 11. Qe2 b6 12. h3 Ba6 13. Qe3 d4 14. cxd4 cxd4 15. Qd2 Nd7 16. b4 {0-1 (37) Sengupta,D (2349)-Neelotpal,D (2461) Chennai 2004}) 11. b4 a6 12. a4 cxb4 13. cxb4 d5 14. Bb2 d4 15. b5 Na5 16. Ba3 Nh5 17. Nd2 Be6 18. Bb4 axb5 19. axb5 b6 20. Qb1 Qd7 21. Na3 Rec8 22. Be2 (22. Bxa5 $5 Rxa5 23. Ndc4 Bxc4 24. Nxc4 Rxb5 25. Qa2 $15) 22... Nf4 23. Bf1 $1 g5 24. g3 Ng6 {[%mdl 32768] Accuracy: White = 24%, Black = 48%. . Loss on time!?} 1-0

[Event "XIII Figueira da Foz Open 2019"]
[Site "Figueira da Foz"]
[Date "2019.10.28"]
[Round "2.8"]
[White "Clarke, Brandon G I"]
[Black "Garcia Dorado, Alberto"]
[Result "1-0"]
[WhiteElo "2445"]
[BlackElo "2170"]
[Annotator "TA"]
[PlyCount "151"]
[EventDate "2019.10.27"]
[EventType "swiss"]
[EventCountry "POR"]
[SourceTitle "playchess.com"]
[Source "ChessBase"]
[SourceQuality "1"]

{[%evp 12,151,22,13,19,8,6,22,18,11,24,23,31,0,4,-20,0,0,8,0,-4,-12,-15,-15,-14,-21,-18,-29,-4,-25,9,9,9,9,48,50,39,43,120,9,10,10,10,10,10,11,10,0,18,22,16,27,56,34,37,34,43,15,34,8,8,8,8,8,8,8,17,8,8,8,205,8,8,0,198,8,8,8,8,8,8,8,11,11,12,12,12,15,120,120,137,120,120,80,80,80,80,80,80,80,3040,80,9236,9163,6360,6090,5962,5432,4639,3616,246,53,53,31,31,31,31,31,39,46,46,0,46,46,46,0,46,8,25,25,80,80,29976,29977,29978,29979,29978,29979,29979,29980,29984,29985]} 1. e4 e6 2. d4 d5 3. Nc3 dxe4 4. Nxe4 Nd7 5. Nf3 Ngf6 6. Bg5 h6 7. Bxf6 Nxf6 {C13: French: Classical System: 4 Bg5 Be7, Alekhine-Chatard Attack} 8. Bd3 Nxe4 9. Bxe4 c5 {The position is equal.} 10. Qe2 cxd4 (10... Qa5+ 11. c3 Be7 12. O-O-O cxd4 13. Rxd4 Bf6 14. Rb4 O-O 15. Kb1 {½-½ (55) Saric,I (2694)-Nisipeanu,L (2667) Malmo 2019}) 11. O-O-O Qb6 12. Nxd4 Be7 13. Rd3 $146 ({Predecessor:} 13. c3 O-O 14. Bc2 Bf6 15. h4 {½-½ (39) Bortnyk,O (2552)-Neef,M (2403) Boeblingen 2015}) 13... O-O 14. Rhd1 Bf6 15. Kb1 Rd8 {[%cal Rd8d4]} 16. Nb3 Rxd3 17. Qxd3 Bd7 18. Qd6 ({Don't go for} 18. Qxd7 $2 Rd8 $19) 18... Bc6 19. Bxc6 bxc6 20. Qc5 Rb8 (20... Qa6 {seems wilder.} 21. g3 Qe2 22. Rc1 Qe4 23. Qe3 Qd5) 21. Qxb6 axb6 $11 {[%mdl 4096] Endgame KRB-KRN} 22. c3 Rd8 23. Rxd8+ Bxd8 $14 {KB-KN} 24. Nd4 c5 25. Nb5 (25. Nf3 $1 $16) 25... Kf8 $11 26. Kc2 Ke7 27. Kd3 Kd7 28. a4 Kc6 29. Kc4 Be7 30. Na3 f6 31. Nc2 Bf8 32. Ne1 Bd6 33. h3 h5 34. Nf3 g5 35. g4 hxg4 $1 36. hxg4 Bf4 37. Ne1 f5 38. f3 Bd6 39. Nc2 Bf4 40. b4 Bd2 $2 (40... cxb4 $1 $11 41. Nd4+ Kd6) 41. Kd3 $2 ({Only move:} 41. bxc5 $18 {aiming for Nd4+.} bxc5 42. Na1) 41... Bc1 42. Kc4 $2 (42. bxc5 $11 bxc5 43. Ne1) 42... Bd2 $18 43. Na1 $2 (43. bxc5 $18 {Nd4+ is the strong threat.} bxc5 44. Na1) 43... cxb4 $11 44. cxb4 fxg4 45. fxg4 e5 46. Nc2 Kd6 47. Kd3 Bf4 48. Ne3 Kc6 49. Ke4 b5 (49... Bh2 $11) 50. a5 $16 Kb7 51. Nc2 Kc6 52. Ne1 Bd2 53. Nd3 Kd6 54. a6 {Threatening mate with a7.} ({But not} 54. Nxe5 Bxb4 55. a6 Kc7 $11) 54... Kc7 55. Kxe5 ({Much worse is} 55. Nxe5 Kb6 $11) 55... Kb6 56. Kd5 $1 Kxa6 $2 {[%mdl 8192]} (56... Be3 $16 57. a7 Kb7) 57. Kc6 $18 Ka7 58. Kxb5 Kb7 59. Nc5+ $1 Kc7 60. Ne4 Be3 {[#]} 61. Kc4 $2 (61. Ka6 $1 $18 Kc8 62. Nd6+ Kc7 63. Nf5) 61... Kb6 62. b5 Ka5 63. Nf6 Bf2 64. Nd7 Bg1 65. Nc5 Bf2 66. Ne4 Be3 67. Nc3 Bf2 68. Ne4 Be3 69. Kd3 Bf4 70. Nc3 Be5 (70... Bd6 $11 {keeps the balance.}) 71. Kc4 $16 {Strongly threatening Ne4.} Bg3 $2 {[%mdl 8192]} (71... Kb6 $16) 72. Kc5 {White mates.} Bf2+ {[#]} 73. Kc6 $1 Bd4 74. Nd5 Be5 75. b6 Bb8 76. Nc7 {Accuracy: White = 51%, Black = 60%.} 1-0

[Event "XIII Figueira da Foz Open 2019"]
[Site "Figueira da Foz"]
[Date "2019.10.28"]
[Round "2.9"]
[White "Pintor, Simao Maciel Abranch"]
[Black "Martin Duque, Jesus"]
[Result "0-1"]
[WhiteElo "2137"]
[BlackElo "2445"]
[Annotator "TA"]
[PlyCount "104"]
[EventDate "2019.10.27"]
[EventType "swiss"]
[EventCountry "POR"]
[SourceTitle "playchess.com"]
[Source "ChessBase"]
[SourceQuality "1"]

{[%evp 9,136,60,83,82,90,0,0,0,0,-2,4,-3,-4,0,-8,-5,-2,-18,-30,-32,-37,-64,-55,-63,-131,-119,-120,-63,-25,-21,0,0,-2,-20,0,-14,0,0,0,0,-2,-2,-2,-2,0,0,0,0,0,0,0,0,0,0,0,-77,-70,-87,0,-9,0,0,0,0,0,0,0,-38,-16,-65,-58,-60,-68,-164,-45,-72,-72,-72,-72,-72,-73,-80,-16,-87,-55,-93,-8,-8,0,0,0,0,0,0,0,-438,-438,-394,-416,-614,-607,-584,0,-431,-431,-349,-324,-29948,-2396,-29958,-6621,-29961,-29961,-29962,-29965,-29965,-29965,-29979,-29980,-29980,-29981,-29981,-29982,-29982,-29983,-29980,-29982,-29985,-29986]} 1. Nf3 c5 2. c4 Nc6 3. Nc3 e5 4. e3 d6 5. d4 Be7 (5... cxd4 6. exd4 Bg4 7. Be2 f5 8. d5 Bxf3 9. gxf3 Nce7 10. h4 g6 11. h5 Bh6 12. f4 Nf6 13. hxg6 Bxf4 14. Bxf4 exf4 15. gxh7 {1-0 (29) Howell,D (2693)-Fawzy,A (2461) Astana 2019}) 6. d5 {A35: Symmetrical English: 2 Nc3 Nc6 3 Nf3} Nb8 {[%cal Bc6b8,Bb8d7,Bd7c5][%mdl 32]} 7. b4 $146 (7. Bd3 $16) ({Predecessor:} 7. a3 Bg4 8. Be2 Nd7 9. b4 Bxf3 10. Bxf3 Ngf6 11. e4 O-O 12. b5 {½-½ (44) Esteve Benito,A (1735)-Garcia Playa,D (1635) Llinars del Valles 2010}) 7... cxb4 $11 8. Qa4+ {The position is equal.} Nd7 9. Qxb4 Ngf6 10. Bd3 O-O 11. O-O Nc5 12. Bc2 Nh5 13. e4 Bg4 14. Ne1 Bg5 15. g3 Bxc1 16. Rxc1 Bh3 17. Ng2 {[#]} Qg5 $1 18. Ne2 (18. Qb1 $17) 18... Bxg2 19. Kxg2 Nf4+ 20. Nxf4 exf4 21. Qc3 Rfe8 22. Rce1 Re5 23. Qf3 fxg3 24. hxg3 Rae8 25. Qe3 $132 {[%mdl 2048] White is not holding back} Qxe3 26. Rxe3 R5e7 27. Rfe1 f6 28. f4 b6 29. Kf3 g6 30. R1e2 Kf8 31. Re1 Rc8 32. e5 (32. Ke2 $11 {keeps the balance.}) 32... fxe5 33. fxe5 Nb7 (33... Rxe5 $17 34. Rxe5 dxe5) 34. exd6 Rxe3+ 35. Rxe3 {Threatens to win with d7.} Nxd6 {[%mdl 4096] Endgame KRB-KRN} 36. Re6 Nxc4 {And now ...Nd2+ would win.} 37. Kf4 Rd8 38. Bd3 Nd6 39. Bc2 Nf7 40. Bb3 $1 Rd6 41. g4 (41. Re2 $15) 41... h6 ({Better is} 41... Rxe6 $19 42. dxe6 Nd6) 42. Bc2 g5+ 43. Kf5 Rxd5+ 44. Kg6 Ne5+ 45. Kf5 Rc5 ({Black should try} 45... Rd2 $17 46. Bb3 Nf7) 46. Bb3 (46. Be4 $1 $11 Nd7+ 47. Kg6) 46... Nc6+ 47. Kg6 $1 {[#]} Nd4 (47... Nd8 $1 $17 {[%cal Rd8e6]} 48. Rd6 Ke7) 48. Rf6+ Ke8 49. Kxh6 Nxb3 50. axb3 {KR-KR} Rb5 51. Rg6 $1 a5 52. Rg8+ $2 {[%mdl 8192] [#]} (52. Rxg5 $11 {and White stays safe.} Rxb3 53. Rg7) 52... Kd7 {Played: Ke8-f7} 0-1

[Event "XIII Figueira da Foz Open 2019"]
[Site "Figueira da Foz"]
[Date "2019.10.28"]
[Round "2.11"]
[White "Romanishin, Oleg M"]
[Black "Correia, Mario"]
[Result "1-0"]
[WhiteElo "2441"]
[BlackElo "2140"]
[Annotator "TA"]
[PlyCount "77"]
[EventDate "2019.10.27"]
[EventType "swiss"]
[EventCountry "POR"]
[SourceTitle "playchess.com"]
[Source "ChessBase"]
[SourceQuality "1"]

{[%evp 12,77,20,31,61,57,57,37,42,44,37,24,56,55,51,57,58,50,50,49,49,47,52,52,46,52,25,11,16,14,16,-6,0,0,0,-4,9,9,11,11,69,11,11,9,16,10,568,566,1066,306,317,257,293,151,191,183,302,302,297,279,268,241,231,252,347,300,591,572]} 1. d4 d5 2. Nf3 Nf6 3. c4 e6 4. g3 Be7 5. Bg2 O-O 6. O-O c5 7. dxc5 Qa5 {E06: Closed Catalan: Early deviations} (7... Bxc5 8. cxd5 exd5 9. Qc2 Bb6 10. Nc3 h6 11. Na4 Nc6 12. Qd3 Re8 13. Nxb6 axb6 14. Be3 Ra4 15. Bd4 Bg4 16. b3 Bxf3 17. Bxf6 Qxf6 18. Qxf3 Qxf3 19. Bxf3 {½-½ (41) Tomashevsky,E (2707)-Zvjaginsev,V (2659) Taganrog 2011}) 8. cxd5 Nxd5 9. Bd2 Qxc5 {White is slightly better.} 10. Nc3 Nc6 $146 ({Predecessor:} 10... Bd7 11. Rc1 Bc6 12. Qb3 Bf6 13. Ne1 Nb6 14. Ne4 Qe7 15. Bb4 {1-0 (15) Strand,K-Kvisvik,B Kristiansund 2000}) 11. Rc1 Qb6 12. Nxd5 exd5 13. Bc3 Be6 14. Nd4 Bc5 {[%cal Rc5d4]} 15. Nxc6 bxc6 16. e3 Rfd8 17. Qa4 {[#] aiming for Ba5.} a5 18. Rfd1 Bb4 19. Qc2 Bxc3 20. Qxc3 Rac8 21. Qb3 Qa7 22. Qa3 c5 23. h4 d4 24. exd4 cxd4 {White should prevent ...Rxc1.} 25. Rxc8 Rxc8 26. Qd6 ({White should play} 26. b4 $1 $14) 26... Bxa2 $11 27. Rxd4 g6 28. h5 {Threatening h6.} Be6 $2 {[%mdl 8192]} (28... Qc5 $11 {and Black is okay.}) 29. h6 $18 {[#] White wants to mate with Qd8+!} Re8 {Black hopes to continue with ...Qb8.} 30. Qe5 $2 (30. Bc6 Qb8 31. Bxe8 Qxd6 32. Rxd6) 30... f6 31. Qxf6 $40 {[%mdl 128] Strongly threatening Rd8. White goes for the king.} Qf7 32. Qxf7+ (32. Qe5 $18) 32... Kxf7 {[%mdl 4096] Endgame KRB-KRB} 33. Ra4 Rb8 (33... Bf5 {was worth a try.} 34. Rxa5 Re1+ 35. Kh2 Kf6) 34. Rxa5 Rxb2 35. Ra7+ Kf6 36. Rxh7 Rb1+ 37. Kh2 Rb5 38. Bf3 Bf7 $2 (38... g5 39. g4 Bf7) 39. Rh8 {Accuracy: White = 64%, Black = 39%.} 1-0